000 01060nam a22003257a 4500
003 CHAP
005 20220329134636.0
008 971013s1987 r 00010 d
010 _a23492
011 _a24464
035 _a28563
040 _cCHAP
082 _a080
_bC5 v.26
100 0 0 _aBraun, Eliezer.
_915097
245 _aArquitectura de sólidos y líquidos
260 _aMéxico, D. F. :
_bFondo de Cultura Económica,
_c1987
300 _a92 p.
_b: ilus. ; gráfs.
490 _aLa ciencia desde México
_v; 26
590 _aBATCH-UPD
_b10
_c20130110
_lUCH01
_h0126
590 _aBATCH-UPD
_b10
_c20130110
_lUCH01
_h2303
590 _aBATCH-UPD
_b10
_c20130409
_lUCH01
_h2121
590 _aBATCH-UPD
_b10
_c20130410
_lUCH01
_h1555
590 _aBATCH-UPD
_b10
_c20130914
_lUCH01
_h0747
590 _aCONVERSION
_b10
_c20130109
_lUCH01
_h1314
650 1 4 _aFísica
_xInvestigación.
_941986
830 0 _aLa ciencia desde México
_v; 26
_964199
901 _aBK
942 _cLIBRO
949 _a080 C5 v.26
_bBC
_cC
_d33724000485223
_eC
_gI. c/e
_h72125
_i28563
_si
999 _c23492
_d23492